000 01075nam a2200301Ia 4500
001 Para_9262
003 CHAP
008 220125s2007 xx 000 0 und d
010 _a208001
040 _cCHAP
090 _aTESIS 2056
100 _aPineda Francisco, Luis Angel
_988150
245 _aEstimación del nivel de tolerancia del frijol ayacote (Phaseolus coccineus L.) al herbicida glifosato en Chapingo, México /
_c por Luis Angel Pineda Francisco
260 _aChapingo, Méx. :
_b el autor
300 _a35 h.
502 _aTesis (Ing. Agr. Esp. en Parasitología Agrícola) -- UACh. Departamento Parasitología Agrícola
650 _aFrijol
_x malas hierbas
_xcontrol
_943402
650 _aFrijol
_x variedades resistentes a herbicidas
_9171965
650 _aHerbicidas
_x toxicidad
_953700
710 _aUACh. Departamento Parasitología Agrícola
_9164025
901 _aTESIS 2056
902 _aM
905 _a0000002007 mn 0000000000 00
910 _a2007
942 _cPARA
942 _cPARA
_d2
999 _c208001
_d208001